000 00446nam a2200157 i 4500
001 66277
003 ES-MaACL
005 20230906165602.0
007 t|
008 040203s1908 xxu ||||1| eng d
100 1 _aGale, Zona.
_953365
245 1 0 _aFriendship village /
_cby Zona Gale.
260 _aNew York :
_bMacmillan Company,
_c1908 (
_eNorwood :
_fNorwood Press)
300 _aIX, 323 p. ;
_c20 cm.
852 _aES-MaACL
_jC-25450
_bR.54134
999 _c66277
_d66277